Environmental liabilities (Record no. 103526)

MARC details
000 -LEADER
fixed length control field 01959cam a2200469 4500
008 - FIXED-LENGTH DATA ELEMENTS--GENERAL INFORMATION
fixed length control field 040426n2004 000 0 eng u
020 ## - INTERNATIONAL STANDARD BOOK NUMBER
International Standard Book Number 0721916406
035 ## - SYSTEM CONTROL NUMBER
System control number (Sirsi) u125965
041 ## - LANGUAGE CODE
Language code of text/sound track or separate title eng
050 ## - LIBRARY OF CONGRESS CALL NUMBER
Classification number 614.7
-- 18
100 ## - MAIN ENTRY--PERSONAL NAME
Personal name Jones, Brian
245 ## - TITLE STATEMENT
Title Environmental liabilities
260 ## - PUBLICATION, DISTRIBUTION, ETC.
Place of publication, distribution, etc. Crayford
Name of publisher, distributor, etc. Shaw and Sons
Date of publication, distribution, etc. 2004
300 ## - PHYSICAL DESCRIPTION
Extent xlviii, 24cm.
350 ## - PRICE (NR) (BK AM CF MU VM SE) [OBSOLETE]
Price 49.50
505 ## - FORMATTED CONTENTS NOTE
Formatted contents note The role of civil liability in the context of environmental damage
505 ## - FORMATTED CONTENTS NOTE
Formatted contents note Private nuisance: substance of liability; defences; remedies
505 ## - FORMATTED CONTENTS NOTE
Formatted contents note The action for damages arising out of public nuisance
505 ## - FORMATTED CONTENTS NOTE
Formatted contents note Standard of liability, remoteness of damage and proof of causality: common law principles in action
505 ## - FORMATTED CONTENTS NOTE
Formatted contents note Criminal liability in the environmental context
505 ## - FORMATTED CONTENTS NOTE
Formatted contents note Public nuisance
505 ## - FORMATTED CONTENTS NOTE
Formatted contents note Offences in the context of water pollution
505 ## - FORMATTED CONTENTS NOTE
Formatted contents note Offences in the context of waste
505 ## - FORMATTED CONTENTS NOTE
Formatted contents note Statutory nuisance: the substantive law; procedural matters
505 ## - FORMATTED CONTENTS NOTE
Formatted contents note Water pollution: anti-pollution works notices
505 ## - FORMATTED CONTENTS NOTE
Formatted contents note Contaminated land: identification and remediation
505 ## - FORMATTED CONTENTS NOTE
Formatted contents note Towards an EU framework directive on environmental liability
520 ## - SUMMARY, ETC.
Summary, etc. Examines in detail the principal legal liabilities (civil, criminal and administrative) in the context of environmental damage. Concentrates on current English law, with reference to European legislation where relevant. Tables of statutes, statutory instruments, European legislation and cases.
650 ## - SUBJECT ADDED ENTRY--TOPICAL TERM
Topical term or geographic name entry element ENVIRONMENTAL LIABILITY
650 ## - SUBJECT ADDED ENTRY--TOPICAL TERM
Topical term or geographic name entry element ENVIRONMENTAL DAMAGE
650 ## - SUBJECT ADDED ENTRY--TOPICAL TERM
Topical term or geographic name entry element WATER POLLUTION
650 ## - SUBJECT ADDED ENTRY--TOPICAL TERM
Topical term or geographic name entry element CONTAMINATED LAND
650 ## - SUBJECT ADDED ENTRY--TOPICAL TERM
Topical term or geographic name entry element WASTE
650 ## - SUBJECT ADDED ENTRY--TOPICAL TERM
Topical term or geographic name entry element CIVIL LIABILITY
650 ## - SUBJECT ADDED ENTRY--TOPICAL TERM
Topical term or geographic name entry element CRIMINAL LIABILITY
650 ## - SUBJECT ADDED ENTRY--TOPICAL TERM
Topical term or geographic name entry element STATUTORY NUISANCE
650 ## - SUBJECT ADDED ENTRY--TOPICAL TERM
Topical term or geographic name entry element PUBLIC NUISANCE
650 ## - SUBJECT ADDED ENTRY--TOPICAL TERM
Topical term or geographic name entry element PRIVATE NUISANCE
690 ## - LOCAL SUBJECT ADDED ENTRY--TOPICAL TERM (OCLC, RLIN)
Topical term or geographic name as entry element ENVIRONMENTAL AND LAND CONSULTANCY
700 ## - ADDED ENTRY--PERSONAL NAME
Personal name Parpworth, Neil
942 ## - ADDED ENTRY ELEMENTS (KOHA)
Suppress in OPAC 0
Holdings
Withdrawn status Lost status Source of classification or shelving scheme Damaged status Not for loan Home library Current library Shelving location Date acquired Total Checkouts Full call number Barcode Date last seen Date last checked out Copy number Price effective from Koha item type
    Dewey Decimal Classification     London London Books 28/04/2004 6 614.7 JON 30069241 06/08/2019 13/05/2008 1 06/08/2019 Book